|
|
|
|
| LEADER |
01218nam a2200301 a 4500 |
| 001 |
1107957 |
| 008 |
120715r20101994enka b 001 0 eng |
| 010 |
|
|
|a 93034915
|
| 020 |
|
|
|a 9781107400085
|
| 020 |
|
|
|a 0521431565 (hardback)
|
| 020 |
|
|
|a 0521437458 (pbk.)
|
| 040 |
|
|
|a DLC
|c DLC
|d DLC
|d BD-DhAAL
|
| 050 |
0 |
0 |
|a LB1576
|b .H625 1994
|
| 082 |
0 |
0 |
|a 428.4/07
|2 20
|
| 100 |
1 |
|
|a Holliday, Adrian.
|
| 245 |
1 |
0 |
|a Appropriate methodology and social context /
|c Adrian Holliday.
|
| 260 |
|
|
|a Cambridge ;
|a New York ;
|a New Delhi :
|b Cambridge University Press,
|c 2010
|
| 300 |
|
|
|a x, 237 p. :
|b ill. ;
|c 24 cm.
|
| 490 |
0 |
|
|a Cambridge language teaching library
|
| 504 |
|
|
|a Includes bibliographical references (p. 219-232) and index.
|
| 541 |
|
|
|e 00025599
|
| 650 |
|
0 |
|a English language
|x Study and teaching.
|
| 650 |
|
0 |
|a English language
|x Study and teaching
|x Social aspects.
|
| 650 |
|
0 |
|a Comparative education.
|
| 650 |
|
0 |
|a Educational anthropology.
|
| 852 |
1 |
|
|a Ayesha Abed Library
|c General shelf.
|
| 999 |
|
|
|c 12546
|d 12546
|
| 952 |
|
|
|0 0
|1 0
|2 ddc
|4 0
|6 428_407000000000000_HOL
|7 0
|9 20711
|a BRACUL
|b BRACUL
|c GEN
|d 2012-07-15
|e karim International
|g 530.00
|l 2
|m 2
|o 428.407 HOL
|p 3010025599
|r 2017-02-05
|s 2016-05-02
|t 1
|w 2012-07-15
|y BK
|